Tutorials for the general practice registrar

The book is prepared specifically to help the busy GP trainer ensure trainees get the most out of their tutorial time. Learning objectives are given for each tutorial, ensuring the knowledge, skills and attitudes of the trainee are tested. The topics covered include the common areas of practice and...

全面介绍

Đã lưu trong:
书目详细资料
主要作者: Warren, Edward
格式: 图书
语言:Undetermined
出版: Boston, MA Butterworth-Heinemann 2002
主题:
标签: 添加标签
没有标签, 成为第一个标记此记录!
Thư viện lưu trữ: Trung tâm Học liệu Trường Đại học Cần Thơ
LEADER 01026nam a2200217Ia 4500
001 CTU_126433
008 210402s9999 xx 000 0 und d
020 |c 54.95 
082 |a 616.09 
082 |b W288 
100 |a Warren, Edward 
245 0 |a Tutorials for the general practice registrar 
245 0 |c Edward Warren. 
260 |a Boston, MA 
260 |b Butterworth-Heinemann 
260 |c 2002 
520 |a The book is prepared specifically to help the busy GP trainer ensure trainees get the most out of their tutorial time. Learning objectives are given for each tutorial, ensuring the knowledge, skills and attitudes of the trainee are tested. The topics covered include the common areas of practice and those areas that trainees traditionally struggle with. Those intending to take the MRCGP examinations will find these tutorials to be a useful review aid 
650 |a Family medicine 
650 |x Case studies. 
904 |i Minh, Huỳnh Mai 
980 |a Trung tâm Học liệu Trường Đại học Cần Thơ